XV wiek A-Z - Statystyki

Ogólne statystyki
  • Ten quiz został rozwiązany 1 074 razy
  • Średni wynik to 13 z 26
Statystyki odpowiedzi
Wskazówka Odpowiedź % Poprawnych
B Inna nazwa dla Cesarstwa Wschodniorzymskiego, które upadło w 1453 r. Cesarstwo {Bizantyjskie}
97%
K Włoski żeglarz, uznawany jest czasem za odkrywcę Ameryki Krzysztof Kolumb
91%
G Nazwisko osoby, która wprowadziła druk do Europy Gutenberg
83%
Ś Epoka historyczna, która trwała od V wieku aż do II poł. XV wieku Średniowiecze
83%
R Przełomowa epoka w kulturze europejskiej, rozpowszechniona w XV wieku Renesans
82%
J Święta kościoła katolickiego i patronka Francji, pomogła wyzwolić Orlean w trakcie wojny stuletniej Joanna d’Arc
81%
F Imię słynnego żeglarza urodzonego w 1480 r., który zmarł 40 lat później na Filipinach podczas pierwszej wyprawy dookoła świata Ferdynand
79%
V Portugalski odkrywca, który jako pierwszy dotarł drogą morską z Europy do Indii Vasco da Gama
76%
D Przylądek, do którego Bartolomeu Dias poprowadził pierwszą europejską morską ekspedycję Przylądek {Dobrej Nadziei}
75%
Z Polski rycerz, niepokonany w licznych turniejach. Był także delegatem na Sobór w Konstancji Zawisza Czarny
73%
E Król Anglii w latach 1461-1470 oraz 1471-1483 Edward IV
70%
W Przydomek króla Polski i Węgier zmarłego 10 listopada 1444 r. w bitwie przeciwko Imperium Osmańskim Warneńczyk
63%
I Królowa Kastylii i Leonu w latach 1474-1504 Izabela I Katolicka
61%
H Wojny religijne toczone na terenie Czech w latach 1419-1436, które były wynikiem krucjat Wojny {husyckie}
57%
O Drugie imię króla Polski w latach 1492-1501 Olbracht
48%
C Jedyne kontynentalne miasto, które było pod panowaniem Anglików po wojnie stuletniej Calais
36%
M Władca, który podbił Konstantynopol Mehmed II Zdobywca
30%
Y Boczna linia Plantagenetów, jej herbem była biała róża. Jej ostatni męski przedstawiciel umarł w 1499 r. Yorkowie
22%
N Obraz włoskiego malarza Sandro Botticelliego, powstałe w ok. 1485 r. Narodziny Wenus
21%
T Umowa podpisana przez władców Hiszpanii oraz Portugalii w 1493 r., która zakładała podział świata na pół Traktat z {Tordesillas}
20%
Ł Dawna jednostka miary objętości dla towarów sypkich, głównie zboża Łaszt
9%
A Historyczna prowincja Portugalii, w której urodził się odkrywca, który jako pierwszy dotarł drogą morską z Europy do Indii Alentejo
8%
P Jeden z najwybitniejszych i najbardziej zasłużonych władców Państwa Inków, zmarły w 1471 r. Pachacutec
8%
L Uniwersytet założony w 1425 r. w Brabancji, a zamknięty w 1797 r. Stary Uniwersytet w {Leuven}
8%
U Sytuacja patowa między wojskami Ahmeda oraz Iwana III w 1480 r., zakończona rezygnacją z agresji Wielkiej Ordy na Wielkie Księstwo Moskiewskie Stanięcie nad {Ugrą}
6%
S Starcie zbrojne, które miało miejsce w 1499 r. między Imperium Osmańskim a Republiką Wenecką Bitwa morska przy wyspie {Sapienza}
5%
Nie znaleziono quizów pasujących do podanych kryteriów
Rozkład punktacji
Procent ludzi z każdym wynikiem
Percentyl według liczby udzielonych odpowiedzi
Twoja historia wyników
Nie rozwiązałeś tego quizu